00368nam a2200121Ia 450000500170000000800410001708200160005810000200007424500560009426000380015030000130018850000450020120240618043644.0240331s9999 xx 000 0 und d bGANa891.48 aGanesalingan, S 0aSiththar siththanthamum sufisamumcS. Ganeshalingan aChennaibKumaran Publishersc2004 a158 p ., aA Comparative Study of Sithar Philosophy